Quiz Culture Générale #5 - Statistiques

Statistiques générales
  • Ce quiz a été pris 59 fois
  • Le résultat moyen est 4 sur 15
Statistiques - réponses
Question Réponse % Correct
Comment s'appelle le KFC au Québec ? PFK
75%
Quel livre de Bob Morane n'est pas référencé dans la chanson "L'aventurier" d'Indochine ? Les Larmes du soleil
58%
Le peintre Goya a inspiré le surnom de qui ? La chanteuse Chantal Goya
42%
Palle Huld est un acteur Dannois. Il a aussi servi d'inspiration à un personnage. Lequel ? Tintin
42%
Sans compter les voix, quels instrument y a-t-il dans l'Affiche Rouge de Léo Ferré ? Des tambours
33%
Que produit un plante de pomate ? Des pommes et des tomates cerises
25%
Quelle info est fausse sur le Kopimisme ? Ils ont pour emblème le fossile pirate
25%
Avant les JO de 2024, dans quel sport olympique la France a remporté le plus de médailles ? L'escrime
25%
Pendant quel mois se passe la pièce "Le songe d'une nuit d'été" ? Mai
25%
D'où peut être extraite la vanilline ? De bouse de vache
17%
Quelle info est fausse ? Le tournage du film d'horreur Winnie l'Ourson : Blood and Honey a duré 14 jours
17%
Qu'est-ce que le Fat Bear Week Un concours qui élit le Grizzly qui s'est le plus engraissé
8%
Quelle info sur Batman est fausse ? Un cross-over existe avec la BD The Boys
8%
Plusieurs personnes interprètent Bob Dylan dans le film "I'm Not There". Qui ne l'as pas fait ? David Cross
0%
Qu'est-ce que l'hysplex ? Un mécanisme qui empêchait les faux départs en Grèce Antique
0%
Aucun quiz correspondant
Distribution des résultats
% des personnes avec chaque résultat
Percentile par nombre de réponses
Votre historique - résultats
Vous n’avez pas pris ce quiz